Malappuram desham cinema/ (Record no. 181893)

000 -LEADER
fixed length control field 00419nam a2200169 4500
020 ## - INTERNATIONAL STANDARD BOOK NUMBER
ISBN 9789349946767
082 ## - DEWEY DECIMAL CLASSIFICATION NUMBER
Classification number M 791.430 7
Item number SAN/M
245 ## - TITLE STATEMENT
Title Malappuram desham cinema/
Statement of responsibility, etc by Sanjay S (ed.)
260 ## - PUBLICATION, DISTRIBUTION, ETC. (IMPRINT)
Place of publication Kozhikode:
Name of publisher Atma Books,
Year of publication 2026.
300 ## - PHYSICAL DESCRIPTION
Number of Pages 287p.
650 ## - SUBJECT ADDED ENTRY--TOPICAL TERM
Topical Term Film History Malappuram
650 ## - SUBJECT ADDED ENTRY--TOPICAL TERM
Topical Term Film Study
650 ## - SUBJECT ADDED ENTRY--TOPICAL TERM
Topical Term Arts
700 ## - ADDED ENTRY--PERSONAL NAME
Personal name Sanjay S (ed.)
700 ## - ADDED ENTRY--PERSONAL NAME
Personal name Gopu S (ed.)
942 ## - ADDED ENTRY ELEMENTS (KOHA)
Koha item type Book
Holdings
Withdrawn status Lost status Damaged status Not for loan Permanent Location Current Location Shelving location Date acquired Cost, normal purchase price Full call number Accession Number Price effective from Koha item type
        Sree Sankaracharya University of Sanskrit Sree Sankaracharya University of Sanskrit Stacks 01.06.2026 570.00 M 791.430 7 SAN/M 109011 01.06.2026 Book